<?xml version="1.0" encoding="UTF-8"?>
<record
    xmlns:xsi="http://www.w3.org/2001/XMLSchema-instance"
    xsi:schemaLocation="http://www.loc.gov/MARC21/slim http://www.loc.gov/standards/marcxml/schema/MARC21slim.xsd"
    xmlns="http://www.loc.gov/MARC21/slim">

  <leader>00988naa a22002177a 4500</leader>
  <controlfield tag="003">OSt</controlfield>
  <controlfield tag="005">20190510062320.0</controlfield>
  <controlfield tag="008">190510e        xxu||||| |||| 00| 0 spa d</controlfield>
  <datafield tag="040" ind1=" " ind2=" ">
    <subfield code="c">PJ</subfield>
  </datafield>
  <datafield tag="100" ind1=" " ind2=" ">
    <subfield code="9">4243</subfield>
    <subfield code="a">Leguisam&#xF3;n, H&#xE9;ctor Eduardo </subfield>
  </datafield>
  <datafield tag="245" ind1="1" ind2="3">
    <subfield code="a">La medida autosatisfactiva versus la libertad de prensa /</subfield>
    <subfield code="c">H&#xE9;ctor Eduardo Leguisam&#xF3;n.</subfield>
  </datafield>
  <datafield tag="260" ind1=" " ind2=" ">
    <subfield code="a">Santa Fe :</subfield>
    <subfield code="b">Rubinzal - Culzoni, </subfield>
    <subfield code="c">2014.</subfield>
  </datafield>
  <datafield tag="300" ind1=" " ind2=" ">
    <subfield code="a">p. 131-168</subfield>
  </datafield>
  <datafield tag="505" ind1=" " ind2=" ">
    <subfield code="a">I. Prefacio. II. Las medidas autosatisfactivas y la difamaci&#xF3;n a trav&#xE9;s de los medios de comunicaci&#xF3;n. III. Un caso concreto. IV. La decisi&#xF3;n de primera instancia. V. La decisi&#xF3;n de segunda instancia. VI. Corolario. </subfield>
  </datafield>
  <datafield tag="650" ind1=" " ind2="0">
    <subfield code="9">267</subfield>
    <subfield code="a">DERECHO PROCESAL</subfield>
  </datafield>
  <datafield tag="650" ind1=" " ind2="0">
    <subfield code="9">4222</subfield>
    <subfield code="a">MEDIDAS AUTOSATISFACTIVAS</subfield>
  </datafield>
  <datafield tag="650" ind1=" " ind2="0">
    <subfield code="9">1247</subfield>
    <subfield code="a">MEDIOS DE COMUNICACION</subfield>
  </datafield>
  <datafield tag="650" ind1=" " ind2="0">
    <subfield code="9">1261</subfield>
    <subfield code="a">LIBERTAD DE PRENSA</subfield>
  </datafield>
  <datafield tag="773" ind1="0" ind2=" ">
    <subfield code="0">2789</subfield>
    <subfield code="9">3212</subfield>
    <subfield code="b">2a .ed. amp. y act.</subfield>
    <subfield code="d">Santa Fe : Rubinzal - Culzoni,  2014.</subfield>
    <subfield code="o">6436</subfield>
    <subfield code="t">Medidas autosatisfactivas. Tomo II</subfield>
    <subfield code="z">9789873004278</subfield>
  </datafield>
  <datafield tag="942" ind1=" " ind2=" ">
    <subfield code="2">udc</subfield>
    <subfield code="c">ART</subfield>
  </datafield>
  <datafield tag="999" ind1=" " ind2=" ">
    <subfield code="c">2822</subfield>
    <subfield code="d">2822</subfield>
  </datafield>
</record>
